La mala vida en Roma / (Record no. 160639)

MARC details
000 -LEADER
campo de control de longitud fija 00854nam a22002295i 4500
001 - NÚMERO DE CONTROL
campo de control 160639
003 - IDENTIFICADOR DE NÚMERO DE CONTROL
campo de control ES-MaACL
005 - FECHA Y HORA DE LA ÚLTIMA TRANSACCIÓN
campo de control 20230906212108.0
008 - DATOS DE LONGITUD FIJA--INFORMACIÓN GENERAL
campo de control de longitud fija 991116s1896 sp |||| | spa d
040 ## - FUENTE DE CATALOGACIÓN
Centro catalogador/agencia de origen M-RAJU
Lengua de catalogación spa
Centro/agencia transcriptor M-RAJU
Centro/agencia modificador CCPB | B
100 1# - ENTRADA PRINCIPAL--NOMBRE DE PERSONA
Nombre de persona Niceforo, Alfredo.
9 (RLIN) 85531
245 13 - MENCIÓN DEL TÍTULO
Título La mala vida en Roma /
Mención de responsabilidad, etc. Alfredo Niceforo y Escipión Sighele ; traducida del italiano por J. M. Llanas Aguilaniedo.
260 ## - PUBLICACIÓN, DISTRIBUCIÓN, ETC.
Lugar de publicación, distribución, etc. Madrid :
Nombre del editor, distribuidor, etc. B. Rodríguez Serra,
Fecha de publicación, distribución, etc. [s.a.]
300 ## - DESCRIPCIÓN FÍSICA
Extensión 254 p. ;
Dimensiones 18 cm.
596 ## - NOTA AL PIE DE IMPRENTA
NOTA AL PIE DE IMPRENTA Fecha probable 1896 tomada del pr.
650 #4 - PUNTO DE ACCESO ADICIONAL DE MATERIA--TÉRMINO DE MATERIA
Término de materia o nombre geográfico como elemento de entrada Delincuencia-
Subdivisión geográfica Roma.
9 (RLIN) 152612
650 #4 - PUNTO DE ACCESO ADICIONAL DE MATERIA--TÉRMINO DE MATERIA
Término de materia o nombre geográfico como elemento de entrada Marginación social-
Subdivisión geográfica Roma.
9 (RLIN) 152613
700 1# - ENTRADA AGREGADA--NOMBRE PERSONAL
Nombre de persona Llanas Aguilaniedo, José María.
9 (RLIN) 128994
700 0# - ENTRADA AGREGADA--NOMBRE PERSONAL
Nombre de persona Sighele, Scipio.
9 (RLIN) 106306
852 ## - LOCALIZACIÓN
Ubicación ES-MaACL
Número de control de estantería F-9992
Nota libre -- Enc. hol.
Encuadernación -- Edic.: añadir en T260 (A. Marzo)
Holdings
Estatus retirado Estado de pérdida Estado de daño No para préstamo Biblioteca de origen Biblioteca actual Ubicación en estantería Fecha de adquisición Fuente de adquisición Total de préstamos Signatura topográfica completa Código de barras Visto por última vez Precio de reemplazo Tipo de ítem Koha
        Biblioteca del Ateneo de Madrid Biblioteca del Ateneo de Madrid Sala Pecera Planta 2 17/01/2008     F-9992 1168200 23/02/2023 23/02/2023 Libro impreso